[Event "Wch Rapid (Women)"]
[Site "Batumi"]
[Date "2012.05.31"]
[Round "1"]
[White "Mammadova, Gulnar Marfat Qizi"]
[Black "Kosteniuk, Alexandra"]
[Result "0-1"]
[WhiteElo "2345"]
[BlackElo "2457"]
[PlyCount "80"]
[EventDate "2012.05.31"]
[EventType "swiss (rapid)"]
[EventRounds "11"]
[EventCountry "GEO"]
[SourceTitle "CBM 148 Extra"]
[Source "ChessBase"]
[SourceDate "2012.06.22"]
[SourceVersion "1"]
[SourceVersionDate "2012.06.22"]
[SourceQuality "1"]

1. e4 c5 2. Nc3 Nc6 3. f4 g6 4. Nf3 Bg7 5. d3 e6 6. g4 d5 7. Bg2 Bxc3+ 8. bxc3
dxe4 9. dxe4 Qxd1+ 10. Kxd1 Nf6 11. e5 Nxg4 12. Ke1 Bd7 13. h3 Nh6 14. Ng5 Nf5
15. Ne4 b6 16. Nf6+ Ke7 17. Kf2 Rad8 18. Be4 Na5 19. Bxf5 exf5 20. a4 Bc6 21.
Re1 Nc4 22. Be3 h6 23. a5 Nxe3 24. Kxe3 b5 25. Red1 Ke6 26. h4 a6 27. Rxd8 Rxd8
28. Rg1 b4 29. cxb4 c4 30. h5 g5 31. fxg5 Kxe5 32. c3 hxg5 33. Nh7 f6 34. Nxg5
fxg5 35. Rxg5 Rd3+ 36. Ke2 Bf3+ 37. Kf2 Kf4 38. Rg6 Rd2+ 39. Ke1 Ke3 40. Re6+
Be4 0-1

[Event "Wch Rapid (Women)"]
[Site "Batumi"]
[Date "2012.05.31"]
[Round "2"]
[White "Kosteniuk, Alexandra"]
[Black "Koneru, Humpy"]
[Result "1/2-1/2"]
[WhiteElo "2457"]
[BlackElo "2589"]
[PlyCount "44"]
[EventDate "2012.05.31"]
[EventType "swiss (rapid)"]
[EventRounds "11"]
[EventCountry "GEO"]
[SourceTitle "CBM 148 Extra"]
[Source "ChessBase"]
[SourceDate "2012.06.22"]
[SourceVersion "1"]
[SourceVersionDate "2012.06.22"]
[SourceQuality "1"]

1. e4 e5 2. Nf3 Nf6 3. d4 Nxe4 4. Bd3 d5 5. Nxe5 Nd7 6. Nc3 Nxc3 7. bxc3 Nxe5
8. dxe5 Bc5 9. O-O O-O 10. Qh5 g6 11. Qh6 Re8 12. Bg5 Be7 13. Bxe7 Qxe7 14.
Rae1 c5 15. c4 dxc4 16. Bxc4 Bf5 17. c3 Rad8 18. Re3 Qf8 19. Qg5 Qe7 20. Qh6
Qf8 21. Qg5 Qe7 22. Qh6 Qf8 1/2-1/2

[Event "Wch Rapid (Women)"]
[Site "Batumi"]
[Date "2012.05.31"]
[Round "3"]
[White "Kosteniuk, Alexandra"]
[Black "Muzychuk, Anna"]
[Result "1-0"]
[WhiteElo "2457"]
[BlackElo "2598"]
[PlyCount "67"]
[EventDate "2012.05.31"]
[EventType "swiss (rapid)"]
[EventRounds "11"]
[EventCountry "GEO"]
[SourceTitle "CBM 148 Extra"]
[Source "ChessBase"]
[SourceDate "2012.06.22"]
[SourceVersion "1"]
[SourceVersionDate "2012.06.22"]
[SourceQuality "1"]

1. e4 e5 2. Nf3 Nc6 3. Bb5 Nf6 4. d3 d6 5. O-O g6 6. d4 Bd7 7. d5 Nb8 8. Bxd7+
Nbxd7 9. Re1 Bg7 10. c4 O-O 11. Nc3 a5 12. Qc2 Nc5 13. Be3 Nfd7 14. b3 f5 15.
a3 fxe4 16. Nxe4 Nxe4 17. Qxe4 Qf6 18. b4 Qf5 19. Ng5 Qxe4 20. Nxe4 Nf6 21. f3
Nxe4 22. fxe4 Kf7 23. c5 axb4 24. axb4 Ke7 25. b5 Kd7 26. c6+ bxc6 27. bxc6+
Ke7 28. Rab1 Ra4 29. Rb7 Rc8 30. g3 Bf6 31. Bb6 Kd8 32. Rf1 Be7 33. Rf7 Ke8 34.
Rxh7 1-0

[Event "Wch Rapid (Women)"]
[Site "Batumi"]
[Date "2012.06.01"]
[Round "6"]
[White "Gunina, Valentina"]
[Black "Kosteniuk, Alexandra"]
[Result "0-1"]
[WhiteElo "2530"]
[BlackElo "2457"]
[PlyCount "130"]
[EventDate "2012.05.31"]
[EventType "swiss (rapid)"]
[EventRounds "11"]
[EventCountry "GEO"]
[SourceTitle "CBM 148 Extra"]
[Source "ChessBase"]
[SourceDate "2012.06.22"]
[SourceVersion "1"]
[SourceVersionDate "2012.06.22"]
[SourceQuality "1"]

1. d4 Nf6 2. Nf3 e6 3. c4 b6 4. g3 Bb4+ 5. Bd2 Bxd2+ 6. Qxd2 Ba6 7. b3 c6 8.
Bg2 d5 9. O-O Nbd7 10. Rc1 O-O 11. cxd5 cxd5 12. Nc3 Qe7 13. Ne5 Nxe5 14. dxe5
Nd7 15. e4 Nxe5 16. exd5 Rad8 17. Re1 Qf6 18. f4 Nd3 19. Ne4 Qd4+ 20. Nf2 exd5
21. Rad1 Qc5 22. Re3 Nxf2 23. Qxf2 d4 24. Re5 Qc3 25. Re7 Rfe8 26. Qxd4 Qc8 27.
Rxe8+ Rxe8 28. Qd5 h6 29. f5 Qc2 30. Bf3 Bc8 31. Qc6 Qxc6 32. Bxc6 Rf8 33. Rd5
g6 34. f6 Bf5 35. Kf2 Rc8 36. Rd6 g5 37. Ke3 Kh7 38. Kd4 Kg6 39. Ke5 a5 40. a3
g4 41. b4 axb4 42. axb4 h5 43. b5 Kg5 44. Rd2 Be6 45. Rd4 h4 46. gxh4+ Kxh4 47.
Kf4 Rh8 48. Rd2 Rh5 49. Be4 Rxb5 50. Rd8 Rh5 51. Re8 Kh3 52. Rd8 Kxh2 53. Rd2+
Kg1 54. Rb2 b5 55. Bg2 Rc5 56. Be4 Bd7 57. Bd3 Rc3 58. Rd2 Bc6 59. Kg3 Bf3 60.
Kf4 b4 61. Ke3 b3 62. Rb2 g3 63. Kd4 Rc6 64. Rb1+ Kh2 65. Rxb3 g2 0-1

[Event "Wch Rapid (Women)"]
[Site "Batumi"]
[Date "2012.06.02"]
[Round "7"]
[White "Kosteniuk, Alexandra"]
[Black "Huang, Qian"]
[Result "1/2-1/2"]
[WhiteElo "2457"]
[BlackElo "2417"]
[PlyCount "176"]
[EventDate "2012.05.31"]
[EventType "swiss (rapid)"]
[EventRounds "11"]
[EventCountry "GEO"]
[SourceTitle "CBM 148 Extra"]
[Source "ChessBase"]
[SourceDate "2012.06.22"]
[SourceVersion "1"]
[SourceVersionDate "2012.06.22"]
[SourceQuality "1"]

1. e4 g6 2. d4 Bg7 3. Nc3 c6 4. f4 d5 5. e5 h5 6. Nf3 Nh6 7. Be3 Bg4 8. h3 Bxf3
9. Qxf3 h4 10. Bd3 e6 11. O-O Bf8 12. Ne2 Be7 13. b3 a5 14. c4 Kf8 15. Bf2 Na6
16. Nc3 Nf5 17. c5 Nb8 18. Na4 Nd7 19. Rfc1 Kg7 20. a3 Qc7 21. Kh2 Ra7 22. Rc2
Rha8 23. Qe2 Rh8 24. Rc3 Qd8 25. Ra2 Qc7 26. Rc1 Qd8 27. b4 axb4 28. axb4 b5
29. Nc3 Qc7 30. Rca1 Rha8 31. Bxf5 Rxa2 32. Rxa2 Rxa2 33. Qxa2 exf5 34. Qa8 Nf8
35. Nxd5 cxd5 36. Qxd5 Qa7 37. Qb3 Ne6 38. Be3 g5 39. fxg5 Qa1 40. Qd3 f4 41.
Bf2 Bxg5 42. d5 f3 43. Qxf3 Qxe5+ 44. Kh1 Nf4 45. d6 Ne2 46. Qa3 Ng3+ 47. Kg1
Ne2+ 48. Kh1 Ng3+ 49. Kg1 Qe2 50. Qa1+ Bf6 51. Bd4 Bxd4+ 52. Qxd4+ f6 53. Qa1
Qe3+ 54. Kh2 Qf4 55. Kg1 Ne2+ 56. Kh1 Ng3+ 57. Kg1 Qxb4 58. Kh2 Qxc5 59. Qd1
Qc8 60. d7 Qd8 61. Qg4+ Kf7 62. Qxh4 Qxd7 63. Qxg3 Qd5 64. Qc7+ Kg6 65. Qc2+
Qf5 66. Qd2 Qe4 67. Qd8 Qe5+ 68. Kh1 Qe1+ 69. Kh2 Qe5+ 70. Kh1 Qe1+ 71. Kh2 Qe6
72. Qd3+ Qf5 73. Qd8 Qf4+ 74. Kh1 Qc1+ 75. Kh2 Qc4 76. Qe8+ Kg7 77. Qd7+ Kh6
78. Qd6 Kg6 79. Qg3+ Kf7 80. h4 Qd5 81. Qc7+ Kg6 82. Qc2+ Kh6 83. Qc8 Qe5+ 84.
Kh3 Kg7 85. Qg4+ Kh6 86. Qc8 Kg7 87. Qg4+ Kh6 88. Qc8 Kg7 1/2-1/2

[Event "Wch Rapid (Women)"]
[Site "Batumi"]
[Date "2012.06.02"]
[Round "8"]
[White "Kosteniuk, Alexandra"]
[Black "Paehtz, Elisabeth"]
[Result "1-0"]
[WhiteElo "2457"]
[BlackElo "2491"]
[PlyCount "116"]
[EventDate "2012.05.31"]
[EventType "swiss (rapid)"]
[EventRounds "11"]
[EventCountry "GEO"]
[SourceTitle "CBM 148 Extra"]
[Source "ChessBase"]
[SourceDate "2012.06.22"]
[SourceVersion "1"]
[SourceVersionDate "2012.06.22"]
[SourceQuality "1"]

1. e4 e6 2. d4 d5 3. Nc3 Bb4 4. a3 Bxc3+ 5. bxc3 dxe4 6. Qg4 Nf6 7. Qxg7 Rg8 8.
Qh6 c5 9. Ne2 Nc6 10. dxc5 Rg6 11. Qe3 Qa5 12. Bd2 e5 13. Ng3 Qa4 14. f3 exf3
15. gxf3 Qh4 16. Qf2 Be6 17. Bd3 Rg8 18. Nf5 Qxf2+ 19. Kxf2 O-O-O 20. Nd6+ Kc7
21. Rhg1 Nd7 22. Be3 h5 23. Rab1 b6 24. Nb5+ Kb8 25. Be4 Kb7 26. Rgd1 Bh3 27.
Bxc6+ Kxc6 28. Rd6+ Kb7 29. c6+ Ka6 30. Nc7+ Ka5 31. cxd7 Rxd7 32. Rxd7 Rg2+
33. Ke1 Bxd7 34. Rb4 Rxh2 35. Bd2 b5 36. c4 Kb6 37. Nxb5 Rh1+ 38. Ke2 Rh2+ 39.
Kd3 Bf5+ 40. Kc3 a5 41. Rb1 Kc6 42. Na7+ Kc7 43. c5 Rf2 44. c6 Rxf3+ 45. Kc4
Kd6 46. Bxa5 Be6+ 47. Kb5 h4 48. Rd1+ Ke7 49. Bb4+ Kf6 50. c7 h3 51. c8=Q Bxc8
52. Nxc8 h2 53. Nd6 Kg5 54. Rh1 Rh3 55. Nxf7+ Kf5 56. Bd6 Rh7 57. Nxe5 Ke6 58.
Nc4 Kd5 1-0

[Event "Wch Rapid (Women)"]
[Site "Batumi"]
[Date "2012.06.02"]
[Round "9"]
[White "Tan, Zhongyi"]
[Black "Kosteniuk, Alexandra"]
[Result "0-1"]
[WhiteElo "2430"]
[BlackElo "2457"]
[PlyCount "66"]
[EventDate "2012.05.31"]
[EventType "swiss (rapid)"]
[EventRounds "11"]
[EventCountry "GEO"]
[SourceTitle "CBM 148 Extra"]
[Source "ChessBase"]
[SourceDate "2012.06.22"]
[SourceVersion "1"]
[SourceVersionDate "2012.06.22"]
[SourceQuality "1"]

1. d4 Nf6 2. c4 e6 3. Nf3 b6 4. Nc3 Bb4 5. Bg5 h6 6. Bh4 g5 7. Bg3 Ne4 8. Qc2
Bb7 9. e3 Bxc3+ 10. bxc3 d6 11. Bd3 f5 12. d5 Nd7 13. Bxe4 fxe4 14. Qxe4 Nc5
15. Qg6+ Kd7 16. Nd4 Qe8 17. Qc2 Qf7 18. dxe6+ Nxe6 19. Qa4+ Kc8 20. Nxe6 Qxe6
21. c5 bxc5 22. O-O h5 23. h4 gxh4 24. Qxh4 Kd7 25. Kh2 Rag8 26. f3 Qxe3 27.
Rae1 Qg5 28. Qh3+ Kc6 29. Bh4 Qf4+ 30. Bg3 Qc4 31. Bh4 Bc8 32. g4 hxg4 33. fxg4
Qxg4 0-1

[Event "Wch Rapid (Women)"]
[Site "Batumi"]
[Date "2012.06.03"]
[Round "10"]
[White "Kosteniuk, Alexandra"]
[Black "Lagno, Kateryna"]
[Result "0-1"]
[WhiteElo "2457"]
[BlackElo "2546"]
[PlyCount "66"]
[EventDate "2012.05.31"]
[EventType "swiss (rapid)"]
[EventRounds "11"]
[EventCountry "GEO"]
[SourceTitle "CBM 148 Extra"]
[Source "ChessBase"]
[SourceDate "2012.06.22"]
[SourceVersion "1"]
[SourceVersionDate "2012.06.22"]
[SourceQuality "1"]

1. e4 e5 2. Nf3 Nc6 3. Bb5 a6 4. Ba4 d6 5. c3 Bd7 6. d4 g6 7. O-O Bg7 8. Re1 b5
9. Bb3 Nf6 10. Be3 Qe7 11. a4 O-O 12. Nbd2 Na5 13. Bc2 c5 14. b4 exd4 15. cxd4
cxb4 16. Bg5 h6 17. Bh4 g5 18. Nxg5 hxg5 19. Bxg5 Qe6 20. e5 dxe5 21. dxe5 Ng4
22. Ne4 b3 23. Bb1 Nxe5 24. Qh5 f5 25. Re3 Qg6 26. Qh4 Rac8 27. Rg3 Qh7 28. Qf4
fxe4 29. Qd2 Nac4 30. Qd5+ Rf7 31. Bxe4 Qh5 32. Bf6 Kh8 33. Bg6 Nf3+ 0-1

[Event "Wch Rapid (Women)"]
[Site "Batumi"]
[Date "2012.06.03"]
[Round "11"]
[White "Khurtsidze, Nino"]
[Black "Kosteniuk, Alexandra"]
[Result "0-1"]
[WhiteElo "2456"]
[BlackElo "2457"]
[PlyCount "66"]
[EventDate "2012.05.31"]
[EventType "swiss (rapid)"]
[EventRounds "11"]
[EventCountry "GEO"]
[SourceTitle "CBM 148 Extra"]
[Source "ChessBase"]
[SourceDate "2012.06.22"]
[SourceVersion "1"]
[SourceVersionDate "2012.06.22"]
[SourceQuality "1"]

1. d4 Nf6 2. c4 e6 3. Nf3 b6 4. e3 Bb7 5. Bd3 d5 6. O-O Be7 7. Nc3 O-O 8. b3 c5
9. cxd5 exd5 10. Bb2 Nc6 11. Rc1 cxd4 12. exd4 Bd6 13. Qd2 Nb4 14. Bb1 Ne4 15.
Nxe4 dxe4 16. Ng5 Re8 17. Ba3 a5 18. Rfe1 f5 19. f3 h6 20. Nh3 Nd3 21. Bxd3
Bxa3 22. Bc4+ Kh8 23. fxe4 Bxc1 24. Rxc1 Rxe4 25. d5 b5 26. Bxb5 Qb6+ 27. Nf2
Qxb5 28. Nxe4 fxe4 29. d6 Qb6+ 30. Kh1 e3 31. Qd3 Rd8 32. d7 Qe6 33. Rf1 Qg4
0-1

[Event "Kazan FIDE GP (Women) 4th"]
[Site "Kazan"]
[Date "2012.06.18"]
[Round "8"]
[White "Hou, Yifan"]
[Black "Kosteniuk, Alexandra"]
[Result "1-0"]
[WhiteElo "2623"]
[BlackElo "2457"]
[PlyCount "93"]
[EventDate "2012.06.09"]
[EventType "tourn"]
[EventRounds "11"]
[EventCountry "RUS"]
[EventCategory "11"]
[SourceTitle "CBM 149"]
[Source "ChessBase"]
[SourceDate "2012.07.17"]
[SourceVersion "1"]
[SourceVersionDate "2012.07.17"]
[SourceQuality "1"]

1. e4 e5 2. Nc3 Nf6 3. g3 Bb4 4. Bg2 c6 5. d4 d6 6. Nge2 O-O 7. h3 Nbd7 8. O-O
Re8 9. Be3 Ba5 10. a4 a6 11. g4 Nf8 12. Ng3 Ng6 13. f4 exf4 14. Bxf4 Nxf4 15.
Rxf4 Nd7 16. Qd3 Qb6 17. Rb1 Ne5 18. Qd1 Ng6 19. Rf2 Qd8 20. Nce2 Bc7 21. Qd2
d5 22. e5 Be6 23. Rbf1 c5 24. c3 cxd4 25. cxd4 Rf8 26. Nh5 Qh4 27. Neg3 f6 28.
Nxg7 Kxg7 29. Nh5+ Kh8 30. Qh6 Rg8 31. Rxf6 Rae8 32. Rf7 Bxf7 33. Rxf7 Nf8 34.
Rxc7 Rg6 35. Rxh7+ Nxh7 36. Qxg6 Rg8 37. Qf7 Qg5 38. Qxd5 Nf8 39. Kh2 Qd2 40.
Qd6 Nh7 41. e6 Qe3 42. d5 b5 43. axb5 axb5 44. Qf4 Qxf4+ 45. Nxf4 Kg7 46. Nh5+
Kh6 47. d6 1-0

[Event "RUS-CHN Summit (Women) 8th"]
[Site "St Petersburg"]
[Date "2012.07.02"]
[Round "1"]
[White "Kosteniuk, Alexandra"]
[Black "Ju, Wenjun"]
[Result "1/2-1/2"]
[WhiteElo "2472"]
[BlackElo "2518"]
[PlyCount "110"]
[EventDate "2012.07.02"]
[EventType "team-schev"]
[EventRounds "5"]
[EventCountry "RUS"]
[SourceTitle "CBM 149 Extra"]
[Source "ChessBase"]
[SourceDate "2012.08.24"]
[SourceVersion "1"]
[SourceVersionDate "2012.08.24"]
[SourceQuality "1"]

1. e4 c5 2. Nf3 d6 3. d4 cxd4 4. Nxd4 Nf6 5. Nc3 a6 6. Be2 e5 7. Nb3 Be7 8. O-O
O-O 9. Re1 Be6 10. Bf3 Nbd7 11. a4 Qb8 12. a5 Rc8 13. h3 Bd8 14. Nd2 Rc5 15.
Na4 Rc6 16. Nc3 Rc5 17. Na4 Rc8 18. Nc3 b6 19. axb6 Nxb6 20. Nf1 Nc4 21. Na4
Nb6 22. b3 Nxa4 23. Rxa4 Bb6 24. Ne3 a5 25. Nf5 Bxf5 26. exf5 Ra7 27. Bg5 Bd8
28. Bxf6 Bxf6 29. Bd5 Qb6 30. Re3 Rac7 31. c4 Rb8 32. Rd3 h6 33. Be4 Be7 34.
Qh5 Bf6 35. h4 Ra7 36. g4 Qd8 37. Rh3 Kf8 38. Bd5 e4 39. g5 hxg5 40. hxg5 Bxg5
41. Rxa5 Rc7 42. Qh8+ Ke7 43. Qxg7 Qg8 44. Rh7 Qxg7 45. Rxg7 Kf6 46. Rh7 Rxb3
47. Bxe4 Rxc4 48. Rxf7+ Kxf7 49. Bd5+ Kf6 50. Bxc4 Rb2 51. Kf1 Bh4 52. Be2 Rb1+
53. Kg2 Rb2 54. Kf3 Rb3+ 55. Kg2 Rb2 1/2-1/2

[Event "RUS-CHN Summit (Women) 8th"]
[Site "St Petersburg"]
[Date "2012.07.03"]
[Round "2"]
[White "Zhao, Xue"]
[Black "Kosteniuk, Alexandra"]
[Result "0-1"]
[WhiteElo "2556"]
[BlackElo "2472"]
[PlyCount "88"]
[EventDate "2012.07.02"]
[EventType "team-schev"]
[EventRounds "5"]
[EventCountry "RUS"]
[SourceTitle "CBM 149 Extra"]
[Source "ChessBase"]
[SourceDate "2012.08.24"]
[SourceVersion "1"]
[SourceVersionDate "2012.08.24"]
[SourceQuality "1"]

1. Nf3 Nf6 2. c4 e6 3. g3 d5 4. Bg2 dxc4 5. Qa4+ c6 6. Qxc4 b5 7. Qc2 Bb7 8.
O-O Be7 9. Nc3 O-O 10. d4 Nbd7 11. Ne5 Nxe5 12. dxe5 Nd5 13. Rd1 Qb6 14. Ne4 c5
15. Bg5 Nb4 16. Qc1 Bxg5 17. Qxg5 Bxe4 18. Bxe4 Rad8 19. a3 Nd5 20. Rd2 h6 21.
Qh4 Qc7 22. a4 Qxe5 23. Bf3 b4 24. Rc1 Nf6 25. Rdc2 b3 26. Rc3 Rd4 27. Qh3 c4
28. Qf1 Rd2 29. Rxc4 Qxb2 30. Kg2 Qa3 31. R1c3 Nd5 32. Bxd5 exd5 33. Rc8 Qxa4
34. Qc1 Rxe2 35. Rf3 Rc2 36. Rxc2 bxc2 37. Rc3 Qe4+ 38. Kg1 d4 39. Rxc2 d3 40.
Rc7 Rd8 41. Qd2 Qe2 42. Qf4 Qa2 43. Qh4 Qd5 44. Rc5 d2 0-1

[Event "RUS-CHN Summit (Women) 8th"]
[Site "St Petersburg"]
[Date "2012.07.05"]
[Round "4"]
[White "Kosteniuk, Alexandra"]
[Black "Ding, Yixin"]
[Result "1-0"]
[WhiteElo "2472"]
[BlackElo "2422"]
[PlyCount "137"]
[EventDate "2012.07.02"]
[EventType "team-schev"]
[EventRounds "5"]
[EventCountry "RUS"]
[SourceTitle "CBM 149 Extra"]
[Source "ChessBase"]
[SourceDate "2012.08.24"]
[SourceVersion "1"]
[SourceVersionDate "2012.08.24"]
[SourceQuality "1"]

1. e4 c5 2. Nf3 d6 3. d4 cxd4 4. Nxd4 Nf6 5. Nc3 a6 6. Be2 e5 7. Nb3 Be7 8. O-O
O-O 9. Re1 Be6 10. Bf3 Nbd7 11. a4 Re8 12. a5 Qc7 13. Be3 Bf8 14. Qd2 h6 15.
Rec1 Bc4 16. h3 Rac8 17. Qd1 d5 18. Nxd5 Nxd5 19. exd5 Qd6 20. Be4 Nf6 21. Bf5
Rb8 22. Ba7 Ra8 23. Bc5 Qxd5 24. Bxf8 Qxd1+ 25. Rxd1 Kxf8 26. Nc5 g6 27. Bd7
Red8 28. Ba4 Rdb8 29. b3 Bb5 30. Bxb5 axb5 31. Rd6 b6 32. Rxf6 bxc5 33. Rc6 Rc8
34. Rxc8+ Rxc8 35. a6 Ra8 36. a7 Ke7 37. Ra6 Kd7 38. g4 Kc8 39. Kg2 Kb7 40. Rf6
Rf8 41. Kf3 Kxa7 42. Ke4 Rd8 43. Rxf7+ Kb6 44. Rf6+ Ka5 45. c3 g5 46. Rc6 c4
47. bxc4 bxc4 48. Rxc4 Kb5 49. Rc7 Rd2 50. Rf7 Kc4 51. Kxe5 Rd3 52. Rc7+ Kb5
53. Kf5 Rxh3 54. Kg6 Rh4 55. f3 Rh3 56. Rc8 Kb6 57. c4 Kb7 58. Rh8 Kc7 59. Rxh6
Rxf3 60. Kxg5 Rc3 61. Re6 Rxc4 62. Kh5 Kd7 63. Re1 Rc2 64. g5 Rg2 65. Kh6 Kd8
66. g6 Kd7 67. g7 Rg3 68. Re5 Rh3+ 69. Kg6 1-0

[Event "SUI-ch 112th"]
[Site "Flims"]
[Date "2012.07.12"]
[Round "1"]
[White "Gallagher, Joseph G"]
[Black "Kosteniuk, Alexandra"]
[Result "1/2-1/2"]
[WhiteElo "2500"]
[BlackElo "2472"]
[PlyCount "29"]
[EventDate "2012.07.12"]
[EventType "tourn"]
[EventRounds "9"]
[EventCountry "SUI"]
[EventCategory "9"]
[SourceTitle "CBM 149 Extra"]
[Source "ChessBase"]
[SourceDate "2012.08.24"]
[SourceVersion "1"]
[SourceVersionDate "2012.08.24"]
[SourceQuality "1"]

1. e4 e5 2. Nf3 Nc6 3. Nc3 Nf6 4. d4 exd4 5. Nxd4 Bb4 6. Nxc6 bxc6 7. Bd3 d5 8.
exd5 cxd5 9. O-O O-O 10. Bg5 c6 11. Qf3 Rb8 12. Ne2 Bg4 13. Bxf6 Bxf3 14. Bxd8
Bxe2 15. Bxe2 1/2-1/2

[Event "SUI-ch 112th"]
[Site "Flims"]
[Date "2012.07.14"]
[Round "3"]
[White "Kosteniuk, Alexandra"]
[Black "Kortschnoj, Viktor Lvovich"]
[Result "1-0"]
[WhiteElo "2472"]
[BlackElo "2558"]
[PlyCount "75"]
[EventDate "2012.07.12"]
[EventType "tourn"]
[EventRounds "9"]
[EventCountry "SUI"]
[EventCategory "9"]
[SourceTitle "CBM 149 Extra"]
[Source "ChessBase"]
[SourceDate "2012.08.24"]
[SourceVersion "1"]
[SourceVersionDate "2012.08.24"]
[SourceQuality "1"]

1. e4 e6 2. d4 d5 3. Nc3 Nf6 4. Bg5 dxe4 5. Nxe4 Be7 6. Bxf6 gxf6 7. Nf3 b6 8.
Bc4 Bb7 9. Qe2 c6 10. a4 Nd7 11. Ng3 Qc7 12. O-O Nf8 13. Nh5 Rg8 14. a5 b5 15.
a6 Bc8 16. Bd3 Rb8 17. b3 Rb6 18. c4 bxc4 19. Bxc4 c5 20. Rfc1 Bd7 21. Qe3 Rg6
22. dxc5 Bxc5 23. Bd3 Rc6 24. Rxc5 Rxc5 25. Bxg6 hxg6 26. Nxf6+ Ke7 27. b4 Rf5
28. Rc1 Qb8 29. Ng8+ Ke8 30. h3 Nh7 31. Qc3 Qf4 32. Rd1 f6 33. Rd4 Qb8 34. Qd2
Nf8 35. Qh6 Kf7 36. Qh8 Rf4 37. Nh6+ Ke8 38. Qg7 1-0

[Event "SUI-ch 112th"]
[Site "Flims"]
[Date "2012.07.15"]
[Round "4"]
[White "Klauser, Markus"]
[Black "Kosteniuk, Alexandra"]
[Result "0-1"]
[WhiteElo "2370"]
[BlackElo "2472"]
[PlyCount "106"]
[EventDate "2012.07.12"]
[EventType "tourn"]
[EventRounds "9"]
[EventCountry "SUI"]
[EventCategory "9"]
[SourceTitle "CBM 149 Extra"]
[Source "ChessBase"]
[SourceDate "2012.08.24"]
[SourceVersion "1"]
[SourceVersionDate "2012.08.24"]
[SourceQuality "1"]

1. e4 c5 2. Nf3 Nc6 3. Nc3 d6 4. d4 cxd4 5. Nxd4 Nf6 6. Bg5 e6 7. Qd2 a6 8.
O-O-O Bd7 9. f3 Be7 10. Kb1 Qc7 11. Nxc6 Bxc6 12. Bd3 b5 13. Ne2 O-O 14. Nd4
Bd7 15. g4 b4 16. h4 a5 17. Be3 a4 18. h5 e5 19. Nf5 Bxf5 20. gxf5 Kh8 21. Qxb4
d5 22. Qb6 Qc8 23. h6 g6 24. Bg5 Nd7 25. Qg1 Bc5 26. Be3 d4 27. Bc1 Rb8 28. Rh2
Ba3 29. b3 Bxc1 30. Rxc1 Qc3 31. Qe1 axb3 32. axb3 Qc5 33. Kb2 Ra8 34. Ra1 Nb6
35. Ba6 Ra7 36. Ra5 Qe7 37. Rh1 Rd8 38. Qd2 Rxa6 39. Rxa6 Nc4+ 40. bxc4 Qb7+
41. Kc1 Qxa6 42. Qb4 Qa1+ 43. Qb1 Qa3+ 44. Qb2 Qxf3 45. Re1 Qf4+ 46. Kb1 Qxh6
47. Qb6 Qf8 48. Qf6+ Kg8 49. Kc1 Qa3+ 50. Kd1 Qf3+ 51. Kc1 Ra8 52. Kd2 Qf2+ 53.
Re2 Qf4+ 0-1

[Event "SUI-ch 112th"]
[Site "Flims"]
[Date "2012.07.16"]
[Round "5.4"]
[White "Kosteniuk, Alexandra"]
[Black "Domont, Alexandre"]
[Result "1/2-1/2"]
[WhiteElo "2472"]
[BlackElo "2364"]
[PlyCount "106"]
[EventDate "2012.07.12"]
[EventType "tourn"]
[EventRounds "9"]
[EventCountry "SUI"]
[EventCategory "9"]
[SourceTitle "CBM 149 Extra"]
[Source "ChessBase"]
[SourceDate "2012.08.24"]
[SourceVersion "1"]
[SourceVersionDate "2012.08.24"]
[SourceQuality "1"]

1. e4 c5 2. Nf3 Nc6 3. d4 cxd4 4. Nxd4 Nf6 5. Nc3 e6 6. Ndb5 Bb4 7. a3 Bxc3+ 8.
Nxc3 d5 9. exd5 exd5 10. Bd3 O-O 11. O-O d4 12. Ne2 Bg4 13. Bg5 Bxe2 14. Qxe2
h6 15. Bh4 Re8 16. Qf3 Ne5 17. Qxb7 Nxd3 18. cxd3 Qd5 19. Qa6 Re6 20. Qc4 Rc6
21. Qa4 Nd7 22. Rac1 Rac8 23. Rxc6 Rxc6 24. Bg3 Nc5 25. Qa5 Qd7 26. Rd1 Nxd3
27. Qd2 Nc5 28. Qxd4 Qxd4 29. Rxd4 Nd3 30. h4 Nxb2 31. Rd8+ Kh7 32. Rd7 Ra6 33.
Rxf7 Nd3 34. Bb8 Rxa3 35. Bxa7 Ne5 36. Rb7 Rd3 37. f3 Rd7 38. Rxd7 Nxd7 39. h5
g6 40. hxg6+ Kxg6 41. Kf2 h5 42. Kg3 Kf5 43. Kh4 Kg6 44. Bd4 Nf8 45. f4 Ne6 46.
Be5 Nc5 47. Bd6 Ne4 48. Be7 Nf2 49. f5+ Kxf5 50. Kxh5 Ng4 51. g3 Nh2 52. Bc5
Ng4 53. Bd4 Nh2 1/2-1/2

[Event "SUI-ch 112th"]
[Site "Flims"]
[Date "2012.07.17"]
[Round "6.3"]
[White "Carron, Julien"]
[Black "Kosteniuk, Alexandra"]
[Result "1-0"]
[WhiteElo "2372"]
[BlackElo "2472"]
[PlyCount "57"]
[EventDate "2012.07.12"]
[EventType "tourn"]
[EventRounds "9"]
[EventCountry "SUI"]
[EventCategory "9"]
[SourceTitle "CBM 149 Extra"]
[Source "ChessBase"]
[SourceDate "2012.08.24"]
[SourceVersion "1"]
[SourceVersionDate "2012.08.24"]
[SourceQuality "1"]

1. d4 Nf6 2. c4 e6 3. g3 d5 4. Bg2 dxc4 5. Nf3 a6 6. O-O Nc6 7. Bg5 Be7 8. e3
Bd7 9. Nbd2 b5 10. Bxf6 gxf6 11. b3 Na5 12. Qc2 Rc8 13. Rfd1 c5 14. dxc5 Bxc5
15. Ne4 Be7 16. b4 Nc6 17. a3 Qc7 18. Qc3 Ne5 19. Nh4 Bc6 20. f4 Bxe4 21. Bxe4
Ng6 22. Nf3 O-O 23. h4 Rfd8 24. h5 Nf8 25. Kf2 Nd7 26. h6 Nb6 27. g4 Bf8 28.
Qxf6 Qe7 29. Bxh7+ 1-0

[Event "SUI-ch 112th"]
[Site "Flims"]
[Date "2012.07.18"]
[Round "7.3"]
[White "Kosteniuk, Alexandra"]
[Black "Gerber, Richard"]
[Result "1-0"]
[WhiteElo "2472"]
[BlackElo "2407"]
[PlyCount "67"]
[EventDate "2012.07.12"]
[EventType "tourn"]
[EventRounds "9"]
[EventCountry "SUI"]
[EventCategory "9"]
[SourceTitle "CBM 149 Extra"]
[Source "ChessBase"]
[SourceDate "2012.08.24"]
[SourceVersion "1"]
[SourceVersionDate "2012.08.24"]
[SourceQuality "1"]

1. e4 c5 2. Nf3 d6 3. d4 cxd4 4. Nxd4 Nf6 5. Nc3 g6 6. Be2 Bg7 7. O-O O-O 8.
Be3 Nc6 9. Nb3 Be6 10. f4 Rc8 11. Qe1 Nb4 12. Nd4 Bc4 13. Rd1 Bxe2 14. Qxe2 Qa5
15. a3 Nc6 16. Nb3 Qh5 17. Rf3 Ng4 18. Rh3 Nxe3 19. Rxh5 Nxd1 20. Nxd1 gxh5 21.
c3 e6 22. Ne3 Kh8 23. Qxh5 Ne7 24. Nd2 Rc5 25. f5 exf5 26. exf5 Ng8 27. Ng4 d5
28. Nf3 Nf6 29. Nxf6 Bxf6 30. Qh6 Bg7 31. Qd6 Rc6 32. Qxd5 Bf6 33. Ne5 Rc7 34.
Qd6 1-0

[Event "SUI-ch 112th"]
[Site "Flims"]
[Date "2012.07.19"]
[Round "8.4"]
[White "Pelletier, Yannick"]
[Black "Kosteniuk, Alexandra"]
[Result "1/2-1/2"]
[WhiteElo "2599"]
[BlackElo "2472"]
[PlyCount "71"]
[EventDate "2012.07.12"]
[EventType "tourn"]
[EventRounds "9"]
[EventCountry "SUI"]
[EventCategory "9"]
[SourceTitle "CBM 149 Extra"]
[Source "ChessBase"]
[SourceDate "2012.08.24"]
[SourceVersion "1"]
[SourceVersionDate "2012.08.24"]
[SourceQuality "1"]

1. Nf3 Nf6 2. c4 e6 3. g3 d5 4. d4 dxc4 5. Bg2 a6 6. O-O Nc6 7. e3 Bd7 8. Qe2
b5 9. b3 cxb3 10. axb3 Be7 11. Bb2 O-O 12. Rc1 Ra7 13. Nc3 Nd5 14. Ne4 a5 15.
Qxb5 Nxd4 16. Qd3 Nxf3+ 17. Bxf3 Qb8 18. Qd4 Nf6 19. Ba3 c5 20. Bxc5 Bxc5 21.
Nxf6+ gxf6 22. Rxc5 e5 23. Qh4 Kg7 24. Bg4 Qd6 25. Rcxa5 Rxa5 26. Rxa5 Qb4 27.
Bxd7 Qxa5 28. Qg4+ Kh8 29. Bf5 Rd8 30. Be4 Qe1+ 31. Kg2 Rd2 32. Qc8+ Kg7 33.
Qg4+ Kf8 34. Qc8+ Kg7 35. Qg4+ Kf8 36. Qc8+ 1/2-1/2